Normal view
MARC view
- Telecommunication engineering
Entry Topical Term
001 - CONTROL NUMBER
- control field: 105033
003 - CONTROL NUMBER IDENTIFIER
- control field: NUST
005 - DATE AND TIME OF LATEST TRANSACTION
- control field: 20221216094655.0
008 - FIXED-LENGTH DATA ELEMENTS
- fixed length control field: 221216|| aca||aabn | a|a d
040 ## - CATALOGING SOURCE
- Original cataloging agency: NUST
- Transcribing agency: NUST
150 ## - HEADING--TOPICAL TERM
- Topical term or geographic name entry element: Telecommunication engineering
670 ## - SOURCE DATA FOUND
- Source citation: Work cat.: (NUST)193435: Rabiner, Lawrence R., 95469, Digital processing of speech signals /, cop. 1978
